Lakmé [ (Record no. 168991)

MARC details
000 -LEADER
campo de control de longitud fija 00710nam a22001935i 4500
001 - NÚMERO DE CONTROL
campo de control 168991
003 - IDENTIFICADOR DE NÚMERO DE CONTROL
campo de control ES-MaACL
005 - FECHA Y HORA DE LA ÚLTIMA TRANSACCIÓN
campo de control 20230906213945.0
008 - DATOS DE LONGITUD FIJA--INFORMACIÓN GENERAL
campo de control de longitud fija 080716s1883 fr |||| | fre d
080 ## - NÚMERO DE LA CLASIFICACIÓN DECIMAL UNIVERSAL
Número de la Clasificación Decimal Universal 782.089.6
100 1# - ENTRADA PRINCIPAL--NOMBRE DE PERSONA
Nombre de persona Delibes, Léo.
9 (RLIN) 126744
245 10 - MENCIÓN DEL TÍTULO
Título Lakmé [
Medio música impresa]
Resto del título : opéra en 3 actes /
Mención de responsabilidad, etc. poëme de Edmond Gondinet & Philippe Gille ; musique de Léo Delibes.
260 ## - PUBLICACIÓN, DISTRIBUCIÓN, ETC.
Lugar de publicación, distribución, etc. Paris :
Nombre del editor, distribuidor, etc. Heugel & Fils,
Fecha de publicación, distribución, etc. 1883.
300 ## - DESCRIPCIÓN FÍSICA
Extensión 1 partitura vocal (VI, 272 p.) ;
Dimensiones 29 cm.
650 14 - PUNTO DE ACCESO ADICIONAL DE MATERIA--TÉRMINO DE MATERIA
Término de materia o nombre geográfico como elemento de entrada Óperas-
Subdivisión general Partituras vocales.
9 (RLIN) 137997
700 1# - ENTRADA AGREGADA--NOMBRE PERSONAL
Nombre de persona Gondinet, Edmond.
9 (RLIN) 127380
700 0# - ENTRADA AGREGADA--NOMBRE PERSONAL
Nombre de persona Gille, Philippe.
9 (RLIN) 56955
852 4# - LOCALIZACIÓN
Ubicación ES-MaACL
Número de control de estantería L-29290
itemnumber R.143675
Nota libre Biblioteca Jacinto Martínez Lacalle
Holdings
Estatus retirado Estado de pérdida Fuente del sistema de clasificación o colocación Estado de daño No para préstamo Colección Biblioteca de origen Biblioteca actual Ubicación en estantería Fecha de adquisición Total de préstamos Signatura topográfica completa Código de barras Visto por última vez Precio de reemplazo Tipo de ítem Koha
    Clasificación decimal universal     Libros del s. XIX Biblioteca del Ateneo de Madrid Biblioteca del Ateneo de Madrid Depósito 2 16/07/2008   L-29290 1177366 23/02/2023 23/02/2023 Partitura